Pravidelná správa EK o pripravenosti SR na členstvo v EÚ
Pokračovanie článku zo SEP č. 1-2/2002, ktorý je systémovou analýzov dosiahnutých výsledkov v prístupovom procese a obsahuje harmonogram splnených a nesplnených úloh vyplývajúcich z kodanských kritérií.
Salvato in:
| Autore principale: | |
|---|---|
| Natura: | Capitolo di libro |
| Lingua: | slovacco |
| Soggetti: | |
| Tags: |
Nessun Tag, puoi essere il primo ad aggiungerne!!
|
MARC
| LEADER | 00000naa a2200000 4500 | ||
|---|---|---|---|
| 001 | r046745 | ||
| 005 | 20230929115951.3 | ||
| 041 | 0 | |a slo | |
| 044 | |a SK | ||
| 245 | 1 | 0 | |a Pravidelná správa EK o pripravenosti SR na členstvo v EÚ |c Yvona Gustafíková |
| 520 | |a Pokračovanie článku zo SEP č. 1-2/2002, ktorý je systémovou analýzov dosiahnutých výsledkov v prístupovom procese a obsahuje harmonogram splnených a nesplnených úloh vyplývajúcich z kodanských kritérií. | ||
| 610 | 2 | 0 | |a aproximácia práva |
| 610 | 2 | 0 | |a únie hospodárske |
| 610 | 2 | 0 | |a únie menové |
| 610 | 2 | 0 | |a štatistika |
| 610 | 2 | 0 | |a politika sociálna |
| 610 | 2 | 0 | |a zamestnanosť |
| 610 | 2 | 0 | |a energetika |
| 610 | 2 | 0 | |a politika priemyselná |
| 610 | 2 | 0 | |a podnikanie malé |
| 610 | 2 | 0 | |a podnikanie stredné |
| 610 | 2 | 0 | |a veda |
| 610 | 2 | 0 | |a výskum |
| 610 | 2 | 0 | |a vzdelávanie |
| 610 | 2 | 0 | |a výchova |
| 610 | 2 | 0 | |a telekomunikácie |
| 610 | 2 | 0 | |a kultúra |
| 610 | 2 | 0 | |a politika regionálna |
| 610 | 2 | 0 | |a prostredie životné |
| 610 | 2 | 0 | |a ochrana spotrebiteľa |
| 610 | 2 | 0 | |a ochrana zdravia |
| 610 | 2 | 0 | |a únie colné |
| 610 | 2 | 0 | |a financie |
| 610 | 2 | 0 | |a rozpočet štátny |
| 610 | 2 | 0 | |a politika bezpečnostná |
| 610 | 2 | 0 | |a politika zahraničná |
| 610 | 2 | 0 | |a kontrola finančná |
| 610 | 2 | 0 | |a Európska únia |
| 610 | 2 | 0 | |a Slovensko |
| 100 | 1 | |a Gustafíková, Yvona | |